Studies in muslim political thought and administration / (Record no. 344089)
[ view plain ]
| 000 -LEADER | |
|---|---|
| fixed length control field | 00763 a2200229 4500 |
| 003 - CONTROL NUMBER IDENTIFIER | |
| control field | Nust |
| 005 - DATE AND TIME OF LATEST TRANSACTION | |
| control field | 20231226162811.0 |
| 008 - FIXED-LENGTH DATA ELEMENTS--GENERAL INFORMATION | |
| fixed length control field | 170227b xxu||||| |||| 00| 0 eng d |
| 020 ## - INTERNATIONAL STANDARD BOOK NUMBER | |
| International Standard Book Number | 9694321751 |
| 020 ## - INTERNATIONAL STANDARD BOOK NUMBER | |
| International Standard Book Number | 9789694321752 |
| 040 ## - CATALOGING SOURCE | |
| Transcribing agency | 0 |
| 082 ## - DEWEY DECIMAL CLASSIFICATION NUMBER | |
| Classification number | 320.954 |
| Author Mark | SHE |
| 100 1# - MAIN ENTRY--PERSONAL NAME | |
| Personal name | Sherwani, Haroon Khan. |
| 245 10 - TITLE STATEMENT | |
| Title | Studies in muslim political thought and administration / |
| Statement of responsibility, etc. | Haroon Khan Sherwani. |
| 250 ## - EDITION STATEMENT | |
| Edition statement | 7th Revised edition ed. |
| 260 ## - PUBLICATION, DISTRIBUTION, ETC. | |
| Place of publication, distribution, etc. | [S.l.] : |
| Name of publisher, distributor, etc. | Ashraf,Lahore, |
| Date of publication, distribution, etc. | 1970. |
| 300 ## - PHYSICAL DESCRIPTION | |
| Extent | 279 p. |
| 500 ## - GENERAL NOTE | |
| General note | Hardcover. |
| 856 40 - ELECTRONIC LOCATION AND ACCESS | |
| Materials specified | Amazon.com |
| Uniform Resource Identifier | <a href="http://www.amazon.com/exec/obidos/ASIN/9694321751/chopaconline-20">http://www.amazon.com/exec/obidos/ASIN/9694321751/chopaconline-20</a> |
| 856 40 - ELECTRONIC LOCATION AND ACCESS | |
| Materials specified | Amazon customer reviews |
| Uniform Resource Identifier | <a href="http://www.chopac.org/cgi-bin/tools/azrev.pl?q=9694321751">http://www.chopac.org/cgi-bin/tools/azrev.pl?q=9694321751</a> |
| 942 ## - ADDED ENTRY ELEMENTS (KOHA) | |
| Koha item type | Book |
| Call number prefix | 320.954 SHE |
| Source of classification or shelving scheme | |
| Withdrawn status | Lost status | Source of classification or shelving scheme | Damaged status | Not for loan | Permanent Location | Current Location | Date acquired | Total Checkouts | Total Renewals | Full call number | Barcode | Date last seen | Date last checked out | Price effective from | Koha item type | Checked out |
|---|---|---|---|---|---|---|---|---|---|---|---|---|---|---|---|---|
| Central Library (CL) | Central Library (CL) | 08/28/2013 | 3 | 1 | 320.954 SHE | NBSD-915 | 06/01/2025 | 02/14/2025 | 08/28/2013 | Book | ||||||
| Central Library (CL) | Central Library (CL) | 08/28/2013 | 1 | 320.954 SHE | NBSD-929 | 11/23/2017 | 08/23/2017 | 08/28/2013 | Book | |||||||
| Central Library (CL) | Central Library (CL) | 08/28/2013 | 1 | 320.954 SHE | NBSD-918 | 11/23/2017 | 08/23/2017 | 08/28/2013 | Book | |||||||
| Central Library (CL) | Central Library (CL) | 08/28/2013 | 1 | 320.954 SHE | NBSD-914 | 11/23/2017 | 08/23/2017 | 08/28/2013 | Book | |||||||
| Central Library (CL) | Central Library (CL) | 08/28/2013 | 1 | 320.954 SHE | NBSD-921 | 11/23/2017 | 08/23/2017 | 08/28/2013 | Book | |||||||
| Central Library (CL) | Central Library (CL) | 08/28/2013 | 1 | 320.954 SHE | NBSD-920 | 11/23/2017 | 08/23/2017 | 08/28/2013 | Book | |||||||
| Central Library (CL) | Central Library (CL) | 08/28/2013 | 1 | 320.954 SHE | NBSD-916 | 11/23/2017 | 08/23/2017 | 08/28/2013 | Book | |||||||
| Central Library (CL) | Central Library (CL) | 08/28/2013 | 2 | 320.954 SHE | NBSD-922 | 01/27/2026 | 01/27/2026 | 08/28/2013 | Book | 02/26/2026 | ||||||
| Central Library (CL) | Central Library (CL) | 08/28/2013 | 1 | 320.954 SHE | NBSD-919 | 11/23/2017 | 08/23/2017 | 08/28/2013 | Book | |||||||
| Central Library (CL) | Central Library (CL) | 05/27/2024 | 320.954 SHE | NBSD-917 | 05/27/2024 | 05/27/2024 | Book | |||||||||
| NUST Law School (NLS) | NUST Law School (NLS) | 08/28/2013 | 1 | 320.954 SHE | NBSD-931 | 11/23/2017 | 08/23/2017 | 08/28/2013 | Book |
